| 000 | 00364nam a22001457a 4500 | ||
|---|---|---|---|
| 020 | _a9789350141281 | ||
| 082 | _a004.165 VEN | ||
| 100 | _aVenkatesh Sampth k | ||
| 245 | _a8051 Microcontroller | ||
| 260 |
_aNew Delhi India _bS.K.Kataria & Sons _c2011 |
||
| 300 |
_a418 _bP.B |
||
| 650 | _aMicrocontroller | ||
| 700 | _aSampth K. Venkatesh | ||
| 942 | _cBK | ||
| 999 |
_c490563 _d490563 |
||